5-Letter Click Blitz Quiz Stats

 Plays Quiz Updated Mar 12, 2016

Also try: 5-Letter Blitz
Challenge
Share
Tweet
Embed
Score 0/40 Timer 05:00
8 Plays Today
% Correct
April
93.4%
Texas
93%
Earth
91%
Femur
91%
Happy
90.6%
Nixon
90.4%
Libra
90.2%
Eight
90.2%
Japan
89.8%
Comet
88.3%
Snake
87.7%
Mulan
87.7%
Delta
87.4%
Boxer
87.1%
Franc
86.4%
Essex
86.1%
Radon
85.8%
Cairo
85.1%
Craig
83.4%
Salem
82.8%
% Correct
Cindy
80.8%
Spurs
80%
Sepia
77.7%
Lions
77.4%
Louis
76.5%
Vogue
73.7%
Percy
70.9%
Crash
66.1%
Blues
65.3%
Hosea
60.8%
Beast
58%
Diana
55%
Major
49.2%
Palin
48.6%
Urban
47.5%
Ditto
39.9%
Hesse
38.9%
Thant
38.7%
Faith
29.6%
Reeve
26.5%

You're not logged in!

Compare scores with friends on all Sporcle quizzes.
OR
Log In

You Might Also Like...

Show Comments

Extras

Top Quizzes Today


Score Distribution

Your Account Isn't Verified!

In order to create a playlist on Sporcle, you need to verify the email address you used during registration. Go to your Sporcle Settings to finish the process.

Report this User

Report this user for behavior that violates our Community Guidelines.

Details: